Obálka
Pro půjčování e-knih musíte být přihlášeni.
Jak si půjčit online?

Prorok, O třech zakletých knížatech /

V novém kompilačních titulu určeném pouze pro digitální obchody spojuje pohádky Prorok a O třech zakletých knížatech krásný a bohatý jazyk a také osoba vypravěče - Otakara Brouska st. Pohádky určené starším dětem provází hudba Miloše Vacka. První pohádka Prorok vypráví o chudém nádeníkovi Rakovi, kt...

Celý popis

Uloženo v:
Hlavní autor: Lidová, (Autor)
Další autoři: Brousek st., Otakar (Autor)
Médium: E-audiokniha
Vydáno: Praha : Supraphon a.s., 2026
Tagy:
Žádné tagy
LEADER 01739nim a22002537i 4500
001 302368
007 sr nunnnnnnned
024 |a 099925445027 
044 |a xr 
100 1 |a  Lidová,   |4 aut 
245 1 0 |a Prorok, O třech zakletých knížatech /  |c  Lidová,  
264 1 |a Praha :  |b Supraphon a.s.,  |c 2026 
300 |a 1 online zdroj (1 hod., 14 min., 13 sek.) 
336 |a mluvené slovo  |b spw  |2 rdacontent 
337 |a audio  |b s  |2 rdamedia 
338 |a online zdroj  |b cr  |2 rdacarrier 
505 0 0 |t Prorok (20 min., 7 sek.) 
505 0 0 |t O třech zakletých knížatech (54 min., 7 sek.) 
520 2 |a V novém kompilačních titulu určeném pouze pro digitální obchody spojuje pohádky Prorok a O třech zakletých knížatech krásný a bohatý jazyk a také osoba vypravěče - Otakara Brouska st. Pohádky určené starším dětem provází hudba Miloše Vacka. První pohádka Prorok vypráví o chudém nádeníkovi Rakovi, který díky své chytrosti, šikovnosti i náhodě velice zbohatne. Pohádka O třech zakletých knížatech vypráví o mladých knížatech zakletých do medvěda, orla a ryby, kteří si postupně výměnou za svůj život odvedou tři krásné dcery marnotratného, zchudlého zemana a darují mu za ně velké bohatství. Veškerá kouzla zlomí po mnoha dobrodružstvích zemanův syn Radovid a vše dobře dopadne. 
700 1 |a  Brousek st., Otakar  |4 nrt 
910 |a RBIT002 
998 |d 426747  |a https://core.palmknihy.cz/api/books/426747/cover?telfss  |b https://core.palmknihy.cz/api/books/426747/cover/400?telfss  |c https://core.palmknihy.cz/api/books/426747/cover/50?telfss  |e 2026-08-29  |i 099925445027  |l 4453  |q 49  |r 1  |s https://www.palmknihy.cz/kniha/426747  |t audiobook  |y 2026  |z 1 
999 |d 302366